MARC details
| 000 -LEADER |
| campo de control de longitud fija |
04948cam a22004818i 4500 |
| 001 - NÚMERO DE CONTROL |
| campo de control |
in00024293337 |
| 003 - IDENTIFICADOR DE NÚMERO DE CONTROL |
| campo de control |
DLC |
| 005 - FECHA Y HORA DE LA ÚLTIMA TRANSACCIÓN |
| campo de control |
20260427110611.0 |
| 007 - CAMPO FIJO DE DESCRIPCIÓN FÍSICA--INFORMACIÓN GENERAL |
| campo de control de longitud fija |
ta |
| 008 - DATOS DE LONGITUD FIJA--INFORMACIÓN GENERAL |
| campo de control de longitud fija |
250804s2026 nyu b 001 0ceng |
| 010 ## - NÚMERO DE CONTROL DE LA BIBLIOTECA DEL CONGRESO |
| Número de control de LC |
2025030207 |
| 020 ## - NÚMERO INTERNACIONAL ESTÁNDAR DEL LIBRO |
| Número Internacional Estándar del Libro |
9781250878724 (hardcover) |
| 020 ## - NÚMERO INTERNACIONAL ESTÁNDAR DEL LIBRO |
| Número Internacional Estándar del Libro |
1250878721 (hardcover) |
| 020 ## - NÚMERO INTERNACIONAL ESTÁNDAR DEL LIBRO |
| ISBN cancelado o inválido |
9781250878762 |
| Información calificativa |
ebook |
| 040 ## - FUENTE DE CATALOGACIÓN |
| Centro catalogador/agencia de origen |
DLC |
| Lengua de catalogación |
eng |
| Normas de descripción |
rda |
| Centro/agencia transcriptor |
DLC |
| Centro/agencia modificador |
DLC-MRC |
| -- |
DLC |
| 041 ## - CÓDIGO DE IDIOMA |
| Código de lengua del texto/banda sonora o título independiente |
eng |
| 042 ## - CÓDIGO DE AUTENTICACIÓN |
| Código de autenticación |
pcc |
| 043 ## - CÓDIGO DE ÁREA GEOGRÁFICA |
| Código de área geográfica |
n-us--- |
| Número de control del registro de autoridad o número normalizado |
http://id.loc.gov/authorities/names/n78095330 |
| 050 14 - SIGNATURA TOPOGRÁFICA DE LA BIBLIOTECA DEL CONGRESO |
| Número de clasificación |
PN 1998.3 |
| Número de ítem |
F529l 2026 |
| 082 00 - NÚMERO DE LA CLASIFICACIÓN DECIMAL DEWEY |
| Número de clasificación |
791.4302/33092 |
| 100 1# - ENTRADA PRINCIPAL--NOMBRE DE PERSONA |
| Nombre de persona |
Fischer, Paul |
| Títulos y otros términos asociados al nombre |
(Documentary film producer) |
| 9 (RLIN) |
48027 |
| 245 14 - MENCIÓN DEL TÍTULO |
| Título |
The last kings of Hollywood : |
| Resto del título |
Coppola, Lucas, Spielberg--and the battle for the soul of American cinema / |
| Mención de responsabilidad, etc. |
Paul Fischer. |
| 250 ## - MENCION DE EDICION |
| Mención de edición |
First edition. |
| 264 #1 - PRODUCCIÓN, PUBLICACIÓN, DISTRIBUCIÓN, FABRICACIÓN Y COPYRIGHT |
| Producción, publicación, distribución, fabricación y copyright |
New York : |
| Nombre del de productor, editor, distribuidor, fabricante |
Celadon Books, |
| Fecha de producción, publicación, distribución, fabricación o copyright |
2026. |
| 300 ## - DESCRIPCIÓN FÍSICA |
| Extensión |
xv, 462 pages, 16 unnumbered pages of plates : |
| Otras características físicas |
illustrations ; |
| Dimensiones |
25 cm |
| 336 ## - TIPO DE CONTENIDO |
| Término de tipo de contenido |
text |
| Código de tipo de contenido |
txt |
| Fuente |
rdacontent |
| 337 ## - TIPO DE MEDIO |
| Nombre/término del tipo de medio |
unmediated |
| Código del tipo de medio |
n |
| Fuente |
rdamedia |
| 338 ## - TIPO DE SOPORTE |
| Nombre/término del tipo de soporte |
volume |
| Código del tipo de soporte |
nc |
| Fuente |
rdacarrier |
| 504 ## - NOTA DE BIBLIOGRAFÍA, ETC. |
| Nota de bibliografía, etc. |
Includes bibliographical references and index. |
| 505 0# - NOTA DE CONTENIDO CON FORMATO |
| Nota de contenido con formato |
Author's note<br/>Opening credits<br/>Introduction<br/>Part one: The outsiders. Twenty years later ; Beyond the rainbow ; Reality ends here ; The fear that thrills ; I lie to you all the time ; Do you wanna be a film director? ; Test-tube baby<br/>Part two: Young moguls. American zoetrope ; Black Thursday ; I believe in America ; The family business ; Unicorns ; America's Fellini ; Harrison Ford is not a good name for you ; Paranoia in North Beach ; From Sugarland to the vineyard ; You're gonna need a bigger boat ; Indiana Smith and Francis's apocalypse ; We could get another scream here ; Blockbuster ; Final-cut directors<br/>Part three: Company men. Those fuckers are crazy ; A walk in the dark ; This is the way the world ends ; Lucky sandcastles ; The horse may talk ; Do you want to live or die? ; Empire ; What if he got the dog? ; The dream ; High concept ; Like the old serials ; Shangri-Coppola ; The way of the Force ; The edge of the future<br/>Epilogue |
| 520 ## - RESUMEN, ETC. |
| Sumario, etc. |
"The untold, intimate story of how three young visionaries--Francis Ford Coppola, George Lucas, and Steven Spielberg--revolutionized American cinema, creating the most iconic films in history while risking everything, redefining friendship, and shaping Hollywood as we know it. In the summer of 1967, as the old Hollywood studio system was dying, an intense, uncompromising young film school graduate named George Lucas walked onto the Warner Bros backlot for his first day working as an assistant to another up-and-coming, largely-unknown filmmaker, a boisterous father of two called Francis Ford Coppola. At the exact same time, across town on the Universal Studios lot, a film-obsessed twenty-year-old from a peripatetic Jewish family, Steven Spielberg, longed to break free from his apprenticeship for the struggling studio and become a film director in his own right. Within a year, the three men would become friends. Spielberg, prioritizing security, got his seven-year contract directing television. Lucas and Coppola, hungry for independence, left Hollywood for San Francisco to found an alternative studio, American Zoetrope, and make films without answering to corporate capitalism. Based on extensive research and hundreds of original interviews with the inner circle of these Hollywood icons, The Last Kings of Hollywood tells the thrilling, dramatic inside story of how, over the next fifteen years, the three filmmakers rivalled and supported each other, fell out and reconciled, and struggled to reinvent popular American cinema. Along the way, Coppola directed The Godfather, then the highest-grossing film of all-time, until Spielberg surpassed it with Jaws -- whose record Lucas broke with Star Wars, which Spielberg surpassed again with E.T. By the early 1980s, they were the richest, best-known filmmakers in the world, each with an empire of their own. The Last Kings of Hollywood is an unprecedented chronicle of their rise, their dreams and demons, their triumphs and their failures -- intimate, extraordinary, and supremely entertaining"-- Provided by publisher. |
| 600 14 - PUNTO DE ACCESO ADICIONAL DE MATERIA--NOMBRE DE PERSONA |
| Nombre de persona |
Coppola, Francis Ford, |
| Fechas asociadas al nombre |
1939- |
| 9 (RLIN) |
69 |
| 600 14 - PUNTO DE ACCESO ADICIONAL DE MATERIA--NOMBRE DE PERSONA |
| Nombre de persona |
Lucas, George, |
| Fechas asociadas al nombre |
1944- |
| 9 (RLIN) |
22723 |
| 600 14 - PUNTO DE ACCESO ADICIONAL DE MATERIA--NOMBRE DE PERSONA |
| Nombre de persona |
Spielberg, Steven, |
| Fechas asociadas al nombre |
1946- |
| 9 (RLIN) |
30166 |
| 650 #0 - PUNTO DE ACCESO ADICIONAL DE MATERIA--TÉRMINO DE MATERIA |
| Término de materia o nombre geográfico como elemento de entrada |
Motion picture producers and directors |
| Subdivisión geográfica |
United States |
| Subdivisión de forma |
Biography |
| 650 #4 - PUNTO DE ACCESO ADICIONAL DE MATERIA--TÉRMINO DE MATERIA |
| Término de materia o nombre geográfico como elemento de entrada |
Productores y directores de cine |
| Subdivisión de forma |
Biografías |
| Subdivisión geográfica |
Estados Unidos |
| 9 (RLIN) |
47165 |
| 758 ## - IDENTIFICADOR DEL RECURSO |
| URI de un objeto del mundo real |
http://id.loc.gov/resources/instances/in00024293337 |
| 758 ## - IDENTIFICADOR DEL RECURSO |
| Relación |
http://id.loc.gov/ontologies/bibframe/instanceOf |
| URI de un objeto del mundo real |
http://id.loc.gov/resources/works/in00024293337 |
| 884 ## - Información sobre la conversión de la descripción |
| Proceso de conversión |
DLC bibframe2marc v2.10 |
| Fecha de conversión |
20250804 |
| Agencia que convierte los datos |
DLC |
| Identificador Uniforme de Recursos |
https://github.com/lcnetdev/bibframe2marc/releases/tag/v2.10 |
| 906 ## - ELEMENTOS DE DATOS F LOCAL, LDF (RLIN) |
| a |
7 |
| b |
cbc |
| c |
orignew |
| d |
1 |
| e |
ecip |
| f |
20 |
| g |
y-gencatlg |
| 942 ## - ELEMENTOS DE ENTRADA SECUNDARIOS (KOHA) |
| Fuente del sistema de clasificación o colocación |
Clasificación de Library of Congress |
| Tipo de ítem Koha |
Libro |